[Event "1er Open International d'Aix-les-Bains"]
[Site "Aix-les-Bains (73)"]
[Date "2014.08.10"]
[Round "3.1"]
[White "Guidarelli, Laurent"]
[Black "Chaudagne, Christophe"]
[Result "1-0"]
[WhiteElo "2498"]
[BlackElo "2143"]
[PlyCount "83"]
[EventDate "2014.??.??"]

1. d4 Nf6 2. c4 d6 3. g3 e5 4. Bg2 exd4 5. Qxd4 Nc6 6. Qd2 g6 7. Nc3 Bg7 8. Nh3
O-O 9. O-O Re8 10. Nf4 Bf5 11. f3 Nd7 12. e4 Be6 13. b3 Qf6 14. Nfe2 Nd4 15.
Bb2 Nxe2+ 16. Qxe2 Qg5 17. Rad1 Qa5 18. Qd2 f5 19. exf5 Bxf5 20. Nb5 Qxd2 21.
Rxd2 Bxb2 22. Rxb2 Rec8 23. f4 Nc5 24. b4 Na4 25. Rd2 a6 26. Nxd6 cxd6 27. Bxb7
Rcb8 28. Bxa8 Rxa8 29. Rxd6 Nb2 30. c5 Re8 31. Rd2 Nc4 32. Rdf2 Rb8 33. Rc1
Rxb4 34. c6 Be4 35. c7 Bb7 36. a3 Nxa3 37. c8=Q+ Bxc8 38. Rxc8+ Kg7 39. Ra2 Rb3
40. Ra8 Nc4 41. R8xa6 Ne3 42. Ra7+ 1-0

[Event "1er Open International d'Aix-les-Bains"]
[Site "Aix-les-Bains (73)"]
[Date "2014.08.10"]
[Round "3.2"]
[White "Pahud, Cedric"]
[Black "Navrotescu, Catalin"]
[Result "1/2-1/2"]
[WhiteElo "2132"]
[BlackElo "2406"]
[PlyCount "80"]
[EventDate "2014.??.??"]

1. e4 c5 2. Nf3 Nc6 3. Nc3 e6 4. d4 cxd4 5. Nxd4 Qc7 6. g3 a6 7. Bg2 Nf6 8. O-O
Nxd4 9. Qxd4 Bc5 10. Qd3 d6 11. Na4 Ba7 12. b3 O-O 13. Ba3 Rd8 14. Rad1 d5 15.
exd5 exd5 16. Qc3 Qxc3 17. Nxc3 Bg4 18. Rd2 d4 19. Ne4 Nxe4 20. Bxe4 Rd7 21.
Kg2 Rc8 22. f3 Be6 23. Re2 g6 24. Bd3 Bb6 25. Bb4 Kg7 26. g4 h5 27. h3 Rc6 28.
Rfe1 Bd8 29. Bd2 Bh4 30. Rf1 b5 31. Re4 Bd5 32. Re8 Rdc7 33. Re2 Re6 34. Rxe6
Bxe6 35. Bf4 Rc5 36. Rd1 Bf6 37. Be4 hxg4 38. hxg4 a5 39. Kf2 a4 40. Bd6 Rc8
1/2-1/2

[Event "1er Open International d'Aix-les-Bains"]
[Site "Aix-les-Bains (73)"]
[Date "2014.08.10"]
[Round "3.3"]
[White "Joie, Sebastien"]
[Black "Deleva, Mathias"]
[Result "1-0"]
[WhiteElo "2366"]
[BlackElo "2099"]
[PlyCount "27"]
[EventDate "2014.??.??"]

1. Nf3 d6 2. d4 Bg4 3. c4 Bxf3 4. exf3 c6 5. Nc3 g6 6. Be3 Bg7 7. Be2 Nf6 8. d5
c5 9. f4 a6 10. Qc2 Nbd7 11. g4 h5 12. g5 Ng4 13. Bd2 Bd4 14. Nd1 1-0

[Event "1er Open International d'Aix-les-Bains"]
[Site "Aix-les-Bains (73)"]
[Date "2014.08.10"]
[Round "3.4"]
[White "Belardello, Mario-Jovani"]
[Black "Carpentier, Pierre"]
[Result "0-1"]
[WhiteElo "1767"]
[BlackElo "2242"]
[PlyCount "86"]
[EventDate "2014.??.??"]

1. c4 Nf6 2. g3 g6 3. Bg2 Bg7 4. Nc3 O-O 5. d3 d6 6. Rb1 e5 7. a3 Nc6 8. e4 Nd4
9. f3 c6 10. Nge2 d5 11. Nxd4 exd4 12. Ne2 dxe4 13. dxe4 Be6 14. b3 Qb6 15.
Qxd4 c5 16. Qd3 Rad8 17. Qc2 Qa5+ 18. Bd2 Qxa3 19. Bc3 Qa6 20. Ra1 Qc6 21. Nf4
b5 22. Nd5 Bxd5 23. cxd5 Qb7 24. O-O b4 25. Bb2 Qb6 26. Qc4 a5 27. Ra2 Nd7 28.
Bxg7 Kxg7 29. f4 f6 30. Rfa1 Ra8 31. Bh3 Rfd8 32. Re1 Qd6 33. Qb5 Qc7 34. Rc1
Qa7 35. Kh1 Kh6 36. Bxd7 Rxd7 37. Rxc5 Re7 38. Re2 a4 39. bxa4 Rb8 40. Qa5 Qd7
41. h3 Rxe4 42. Rh2 Re1+ 43. Kg2 Qe7 0-1

[Event "1er Open International d'Aix-les-Bains"]
[Site "Aix-les-Bains (73)"]
[Date "2014.08.10"]
[Round "3.5"]
[White "Navrotescu, Andreea-Cristiana"]
[Black "Py, Walter"]
[Result "1-0"]
[WhiteElo "2208"]
[BlackElo "2063"]
[PlyCount "73"]
[EventDate "2014.??.??"]

1. c4 Nf6 2. Nc3 c6 3. d4 d5 4. Nf3 g6 5. Bf4 Bg7 6. e3 O-O 7. Rc1 e6 8. Bd3 b6
9. e4 dxe4 10. Nxe4 Nxe4 11. Bxe4 Bb7 12. Qd2 Nd7 13. c5 Nf6 14. Bd3 Nd5 15.
Bd6 Re8 16. O-O f6 17. Rfe1 Qd7 18. h4 Qf7 19. b4 b5 20. a4 a6 21. Ra1 Bf8 22.
Bh2 Red8 23. g4 Bg7 24. g5 e5 25. gxf6 Qxf6 26. Ng5 exd4 27. Re6 Qf8 28. h5 Bc8
29. Rxc6 Bb7 30. Re6 Nc3 31. hxg6 Rd5 32. c6 Bc8 33. gxh7+ Kh8 34. Bd6 Rxd6 35.
Rxd6 Bf5 36. c7 Bxh7 37. Rd8 1-0

[Event "1er Open International d'Aix-les-Bains"]
[Site "Aix-les-Bains (73)"]
[Date "2014.08.10"]
[Round "3.6"]
[White "Wurtz, Guillaume"]
[Black "Soyer, Jean-Yves"]
[Result "1/2-1/2"]
[WhiteElo "1994"]
[BlackElo "2044"]
[PlyCount "89"]
[EventDate "2014.??.??"]

1. e4 c5 2. Nf3 d6 3. d4 cxd4 4. Nxd4 Nf6 5. Nc3 a6 6. Be3 e5 7. Nf3 Qc7 8. a4
Be7 9. Be2 O-O 10. O-O b6 11. Qd3 Bb7 12. Nd2 Nbd7 13. Nd5 Nxd5 14. exd5 f5 15.
f3 Rac8 16. c4 a5 17. b4 axb4 18. Qb3 Ra8 19. Qxb4 Rfb8 20. Nb1 Bc8 21. Nc3 Nc5
22. Nb5 Qd8 23. Ra3 Ra5 24. Bxc5 bxc5 25. Qc3 Rba8 26. Bd1 Bf6 27. Qd3 R5a6 28.
Bc2 g6 29. Rb1 Qd7 30. Qe2 Bd8 31. Qe3 Ba5 32. Ra2 Qe7 33. Ra3 Bb4 34. Ra2 Kg7
35. Rba1 Ba5 36. Rb1 Bd7 37. Rab2 Be8 38. g3 Bf7 39. Kg2 Be8 40. Rd1 Bf7 41.
Rdb1 Qf6 42. Na3 Bb4 43. Nb5 Ba5 44. Na3 Bb4 45. Nb5 1/2-1/2

[Event "1er Open International d'Aix-les-Bains"]
[Site "Aix-les-Bains (73)"]
[Date "2014.08.10"]
[Round "3.7"]
[White "Barnier, Alain"]
[Black "Pepino, Enrico"]
[Result "1/2-1/2"]
[WhiteElo "2070"]
[BlackElo "2193"]
[PlyCount "94"]
[EventDate "2014.??.??"]

1. Nf3 Nf6 2. g3 g6 3. Bg2 Bg7 4. O-O O-O 5. d3 c5 6. e4 Nc6 7. Nbd2 d5 8. Re1
dxe4 9. dxe4 b6 10. e5 Nd5 11. c3 Nc7 12. Qa4 Qd7 13. Qh4 Qg4 14. Nf1 Qxh4 15.
Nxh4 Bd7 16. f4 Rfd8 17. f5 e6 18. Bg5 Rdc8 19. fxg6 hxg6 20. Rad1 Be8 21. Nf3
Rab8 22. Ne3 b5 23. Ng4 Nd5 24. Nd2 Nb6 25. Nf6+ Bxf6 26. Bxf6 Nd7 27. Ne4 Nxf6
28. exf6 Na5 29. Nd6 Rd8 30. Nxe8 Rxe8 31. Rd7 Red8 32. Red1 Rxd7 33. Rxd7 Nc4
34. b3 Ne5 35. Rxa7 Ng4 36. h3 Nxf6 37. Rc7 c4 38. bxc4 bxc4 39. Rxc4 Rb1+ 40.
Bf1 Nd5 41. Rc8+ Kg7 42. Kf2 Rb2+ 43. Kf3 Rxa2 44. Bc4 Rd2 45. Bxd5 Rxd5 46. c4
Rd3+ 47. Kf2 Kf6 1/2-1/2

[Event "1er Open International d'Aix-les-Bains"]
[Site "Aix-les-Bains (73)"]
[Date "2014.08.10"]
[Round "3.8"]
[White "Barbaras, Mathieu"]
[Black "David, Pierre-Yves"]
[Result "1-0"]
[WhiteElo "2150"]
[BlackElo "1788"]
[PlyCount "65"]
[EventDate "2014.??.??"]

1. d4 Nf6 2. Nf3 d5 3. c4 e6 4. g3 c6 5. Bg2 Bb4+ 6. Bd2 Bxd2+ 7. Nbxd2 O-O 8.
O-O Re8 9. Qc2 Nbd7 10. e4 dxe4 11. Nxe4 Nxe4 12. Qxe4 Rb8 13. Rad1 Qc7 14.
Rfe1 Nf6 15. Qe5 Re7 16. a4 b6 17. Nh4 Ne8 18. Bxc6 Nd6 19. d5 Ba6 20. b3 f6
21. Qe3 e5 22. f4 e4 23. f5 Re5 24. Rf1 Rf8 25. g4 Bc8 26. Rd2 Rf7 27. Qh3 e3
28. Re2 Rfe7 29. Ng6 hxg6 30. fxg6 Nf7 31. Qh7+ Kf8 32. Rxf6 gxf6 33. g7# 1-0

[Event "1er Open International d'Aix-les-Bains"]
[Site "Aix-les-Bains (73)"]
[Date "2014.08.10"]
[Round "3.9"]
[White "Dupeux, Simeon"]
[Black "Drillat, Michel"]
[Result "0-1"]
[WhiteElo "1624"]
[BlackElo "1884"]
[PlyCount "104"]
[EventDate "2014.??.??"]

1. e4 d5 2. exd5 Nf6 3. d4 Nxd5 4. Nf3 Bg4 5. Be2 e6 6. O-O Be7 7. c4 Nb6 8.
Nc3 O-O 9. Bf4 Nc6 10. d5 exd5 11. cxd5 Nb4 12. Qb3 N4xd5 13. Rfd1 c6 14. Nxd5
cxd5 15. Be3 Be6 16. Bxb6 Qxb6 17. Qxb6 axb6 18. Bb5 Bf6 19. Rd2 Rfc8 20. a4
Rc5 21. Nd4 Bxd4 22. Rxd4 Rxb5 23. b4 g6 24. f3 Kg7 25. Kf2 Kf6 26. Ke3 g5 27.
g4 Ke5 28. Kd3 Kd6 29. Kc3 Rc5+ 30. bxc5+ bxc5 31. Rd2 b5 32. Rb2 b4+ 33. Kd2
Ra5 34. Kc2 d4 35. Kd3 Kd5 36. Kd2 Bc8 37. Kc2 Ra8 38. a5 Ba6 39. Re1 Rb8 40.
Re7 c4 41. Ra7 d3+ 42. Kc1 Bc8 43. a6 c3 44. Rb3 Kc4 45. Rb1 b3 46. Rc7+ Kb4
47. a7 Ra8 48. Rxb3+ Kxb3 49. Rxf7 Ba6 50. Re7 Rd8 51. Rd7 d2+ 52. Kd1 c2+ 0-1

[Event "1er Open International d'Aix-les-Bains"]
[Site "Aix-les-Bains (73)"]
[Date "2014.08.10"]
[Round "3.10"]
[White "Vernet, Solene"]
[Black "Menard, Baptiste"]
[Result "1/2-1/2"]
[WhiteElo "1781"]
[BlackElo "2046"]
[PlyCount "106"]
[EventDate "2014.??.??"]

1. d4 Nf6 2. c4 e6 3. g3 c5 4. d5 exd5 5. cxd5 d6 6. Bg2 g6 7. Qa4+ Bd7 8. Qb3
Qc7 9. Nc3 Bg7 10. Nf3 O-O 11. O-O c4 12. Qa3 Na6 13. Bf4 Nc5 14. Nd2 Nh5 15.
Nxc4 Nxf4 16. gxf4 b5 17. Nd2 a5 18. Nce4 b4 19. Qg3 Nxe4 20. Nxe4 Bxb2 21.
Rad1 a4 22. Rd2 Bg7 23. f5 Be5 24. f4 Bc3 25. fxg6 fxg6 26. Nxc3 bxc3 27. Rc2
Rac8 28. Rfc1 Qb6+ 29. Kh1 Qb4 30. e4 Rc4 31. f5 Rxe4 32. fxg6 Rg4 33. gxh7+
Kxh7 34. Qxc3 Qxc3 35. Rxc3 Rf2 36. Rg3 Kh6 37. Rxg4 Bxg4 38. Rc6 Rxa2 39.
Rxd6+ Kg5 40. Kg1 a3 41. Ra6 Kf4 42. Ra4+ Kg5 43. d6 Be6 44. Bd5 Ra1+ 45. Kf2
Bg4 46. Rxg4+ Kxg4 47. d7 a2 48. d8=Q Rf1+ 49. Kxf1 a1=Q+ 50. Ke2 Qe5+ 51. Kd3
Kh3 52. Qd7+ Kxh2 53. Qh7+ Kg3 1/2-1/2

[Event "1er Open International d'Aix-les-Bains"]
[Site "Aix-les-Bains (73)"]
[Date "2014.08.10"]
[Round "4.1"]
[White "Carpentier, Pierre"]
[Black "Guidarelli, Laurent"]
[Result "0-1"]
[WhiteElo "2242"]
[BlackElo "2498"]
[PlyCount "116"]
[EventDate "2014.??.??"]

1. d4 f5 2. Nf3 e6 3. Bf4 Nf6 4. e3 b6 5. Bd3 Bb7 6. h3 Be7 7. c4 O-O 8. Nc3
Bb4 9. Rc1 Ne4 10. O-O Bxc3 11. bxc3 d6 12. Bxe4 fxe4 13. Ng5 Qe7 14. Qg4 Re8
15. h4 Nd7 16. Rfd1 Nf6 17. Qe2 Ba6 18. Bg3 d5 19. Rd2 Bxc4 20. Qd1 Rac8 21. f3
h6 22. Nh3 Nh5 23. Qe1 Rf8 24. Nf4 Nxf4 25. Bxf4 Kh7 26. Qg3 Rf5 27. Be5 Rh5
28. fxe4 Rxh4 29. exd5 exd5 30. Rf2 Re4 31. Rf5 Bd3 32. Rd1 Be2 33. Rd2 Bg4 34.
Rf1 Be6 35. Rdf2 Rg4 36. Qf3 Qg5 37. Qe2 h5 38. Rf3 Qg6 39. Qf2 c5 40. Kh1 c4
41. Rf4 b5 42. a3 Rd8 43. Qb2 a6 44. a4 Rxf4 45. Rxf4 Qe8 46. axb5 axb5 47. Qa3
Ra8 48. Qd6 Ra2 49. Rf3 Qg6 50. Rg3 Bg4 51. Qe7 Rb2 52. e4 dxe4 53. d5 e3 54.
Rxe3 Bf3 55. Qxg7+ Qxg7 56. Bxg7 Bxg2+ 57. Kg1 Kxg7 58. Rg3+ Kf6 0-1

[Event "1er Open International d'Aix-les-Bains"]
[Site "Aix-les-Bains (73)"]
[Date "2014.08.10"]
[Round "4.2"]
[White "Navrotescu, Andreea-Cristiana"]
[Black "Joie, Sebastien"]
[Result "1/2-1/2"]
[WhiteElo "2208"]
[BlackElo "2366"]
[PlyCount "71"]
[EventDate "2014.??.??"]

1. d4 Nf6 2. c4 b6 3. Nc3 Bb7 4. Qc2 d5 5. cxd5 Nxd5 6. Nf3 g6 7. e4 Nxc3 8.
bxc3 Bg7 9. Bb5+ Nd7 10. Ne5 Bxe5 11. dxe5 c6 12. Be2 Nxe5 13. Bh6 Qc7 14. O-O
O-O-O 15. a4 Rhg8 16. Be3 c5 17. a5 f5 18. axb6 axb6 19. Ra7 (19. Qb3 Qc6 20.
Ra4 $14) 19... Nc6 20. Ra3 (20. Rxb7 Qxb7 21. Bc4 Rgf8 22. Be6+ Kb8 23. exf5 {
Et la paire de fous, qui irradie l'échiquier donne de meilleures chances aux
blancs.}) 20... f4 21. Bd2 g5 22. Bg4+ Kb8 23. Rfa1 Ne5 (23... Qd6) 24. Be6 $11
Rg6 25. Bd5 Nc6 (25... Nd7 $4 26. Ra8+ Bxa8 27. Rxa8#) 26. Qa2 Qd6 27. Qb2 (27.
Rb1 e6 28. Ra6 $3 exd5 29. Raxb6 Rg7 30. Qa6 $16) 27... Qc7 $11 28. Qa2 Qe5 29.
Rb1 $1 Na5 $2 {[#]} 30. Rxa5 $1 Rxd5 31. exd5 bxa5 32. c4 $18 Ra6 33. Bxa5 Qf5
34. Qb3 (34. Qb2 $1 $18 Qc8 35. Bb6 Ka8 36. Qe5 Qd7 37. Qh8+ Qc8 38. Qe5 Qd7
39. Bxc5) 34... Qd7 35. Bc3 Ra8 36. Ra1 $2 $14 (36. Be5+ Kc8 37. Qb6 Ra4 38. h3
$1 $18 Rxc4 $4 39. Qa7 Qxd5 40. Qb8+ Kd7 41. Rxb7+ $18) 1/2-1/2

[Event "1er Open International d'Aix-les-Bains"]
[Site "Aix-les-Bains (73)"]
[Date "2014.08.10"]
[Round "4.3"]
[White "Navrotescu, Catalin"]
[Black "Wurtz, Guillaume"]
[Result "1-0"]
[WhiteElo "2406"]
[BlackElo "1994"]
[PlyCount "55"]
[EventDate "2014.??.??"]

1. d4 Nf6 2. g3 g6 3. Bg2 Bg7 4. e4 d6 5. Ne2 O-O 6. Nbc3 c6 7. O-O e5 8. a4
Na6 9. h3 Qe7 10. Be3 exd4 11. Bxd4 Nc5 12. Re1 a5 13. g4 Be6 14. Ng3 h5 15. g5
Ne8 16. f4 f6 17. f5 Bf7 18. Nxh5 gxh5 19. g6 Bxg6 20. fxg6 f5 21. e5 Qh4 22.
Bf2 Qg5 23. exd6 Nd7 24. Re7 Rd8 25. Qe2 Qxg6 26. Rd1 Nef6 27. Kh1 Rfe8 28. Bf3
(28. Bf3 Qh7 (28... Ng4) 29. Qe6+ Kh8 30. Bh4 $18) 1-0

[Event "1er Open International d'Aix-les-Bains"]
[Site "Aix-les-Bains (73)"]
[Date "2014.08.10"]
[Round "4.4"]
[White "Drillat, Michel"]
[Black "Pahud, Cedric"]
[Result "1/2-1/2"]
[WhiteElo "1884"]
[BlackElo "2132"]
[PlyCount "65"]
[EventDate "2014.??.??"]

1. d4 Nf6 2. c4 e6 3. Nc3 Bb4 4. Nf3 c5 5. a3 Bxc3+ 6. bxc3 b6 7. Bg5 h6 8. Bh4
d6 9. e3 g5 $146 10. Bg3 Ne4 11. Qc2 Bb7 12. Bd3 Nxg3 13. fxg3 Qe7 14. O-O O-O
15. e4 e5 16. d5 Bc8 {Les noirs ont égalisé, sans plus, en usant des
concepts de Nimzovitch.} 17. Rf2 Bg4 18. Nd2 Nd7 19. h3 Bh5 20. g4 Bg6 21. Nf1
Kg7 22. Ng3 Rfb8 23. a4 a6 24. Rff1 a5 25. Rf3 Rh8 26. Raf1 Rhf8 27. Qd2 f6 28.
Qe3 Rf7 29. Qd2 Qf8 30. Kf2 Qd8 31. Rh1 Kf8 32. Rf1 Kg7 33. Kg1 1/2-1/2

[Event "1er Open International d'Aix-les-Bains"]
[Site "Aix-les-Bains (73)"]
[Date "2014.08.10"]
[Round "4.6"]
[White "Pepino, Enrico"]
[Black "Fontaine, Olivier"]
[Result "1-0"]
[WhiteElo "2193"]
[BlackElo "1883"]
[PlyCount "99"]
[EventDate "2014.??.??"]

1. e4 c5 2. Nf3 d6 3. d4 cxd4 4. Nxd4 Nf6 5. Nc3 g6 6. g3 Bg7 7. Bg2 O-O 8. O-O
a6 9. Bg5 Nbd7 10. Nde2 $146 Re8 11. Qd2 Rb8 12. Bh6 Bh8 13. Be3 b5 14. Bd4 Bb7
15. Rad1 {Les noirs disposent ici de leur jeu classique sur la colonne "c".}
Bg7 16. Rfe1 b4 17. Nd5 e5 18. Ba7 Ra8 19. Nxf6+ Nxf6 20. Be3 Qa5 21. a3 Nxe4
22. Qxb4 Qxb4 23. axb4 d5 {La partie se joue à un haut niveau, l'équilibre
est conservée.} 24. Bxe4 dxe4 25. c4 f5 26. Nc3 Bf8 27. c5 Rad8 28. Bg5 Rd4
29. Bf6 Bg7 ({meilleur} 29... Rxb4 30. Nd5 Bxd5 31. Rxd5 Rxb2 32. Bxe5 Rc2 33.
Bd6 Bh6 {Et l'avantage passe aux noirs.}) 30. Bxg7 Kxg7 31. b5 $1 axb5 32. Nxb5
Rxd1 (32... Rd3) 33. Rxd1 Bc6 34. Nc3 (34. Na7 $1 $18) 34... Rb8 35. Rd6 Be8
36. Rb6 Rc8 $2 (36... Rd8 37. b4 Rd3 {Pour activer la tour.}) 37. b4 $16 Ra8
38. Rb7+ Kh6 39. Re7 Bc6 40. b5 Ra3 41. bxc6 Rxc3 42. Rxe5 $18 Ra3 43. c7 Ra8
44. Re7 g5 45. Kf1 Kg6 46. Ke2 h5 47. Ke3 Kf6 48. Rd7 Rc8 49. Kd4 Ke6 50. c6 {
L'arrivée du RB en b6 remporte la partie.} 1-0

[Event "1er Open International d'Aix-les-Bains"]
[Site "Aix-les-Bains (73)"]
[Date "2014.08.10"]
[Round "4.7"]
[White "Deleva, Mathias"]
[Black "Dupeux, Denis"]
[Result "1-0"]
[WhiteElo "2099"]
[BlackElo "1855"]
[PlyCount "69"]
[EventDate "2014.??.??"]

1. e4 c5 2. b3 Nc6 3. Bb2 d6 4. Bb5 Bd7 5. f4 Nf6 6. d3 e6 7. Nd2 a6 8. Bxc6
Bxc6 9. Qe2 Qc7 10. Ngf3 O-O-O 11. O-O Ne8 {La position paraît égale, mais
demeure pratiquement beaucoup plus facile à jouer pour les blancs.} 12. a3 $1
f6 13. b4 d5 14. bxc5 (14. e5) 14... Bxc5+ 15. Kh1 Qd7 16. Rfd1 (16. Nb3 Ba7
17. e5 {Et les blancs ont tout pour eux.}) 16... Rg8 17. d4 Ba7 18. c4 Ba4 19.
Rdc1 dxe4 20. Nxe4 Nc7 21. Bc3 Bc6 22. Rab1 Qf7 23. Rb2 g5 (23... Qg6 24. Ng3
Qg4 {Avec contre-jeu.}) 24. fxg5 fxg5 25. Ne5 $1 Qf4 26. Nd2 {Avec ce joli
ballet de cavaliers, les blancs préparent l'assaut final.} Bxd4 27. Nxc6 bxc6
(27... Bxc3 $1) 28. Rf1 (28. Bxd4 Rxd4 29. Rcb1 $18) 28... Qd6 $2 (28... Bxc3
29. Rxf4 gxf4 30. Rc2 {Et les blancs n'ont plus d'attaque.}) 29. Bxd4 Qxd4 30.
Rfb1 Rgf8 31. Nf3 Qc5 32. Ne5 Nd5 {[#] Les blancs jouent et matent !} 33. Rb8+
Kc7 34. R1b7+ Kd6 35. Rc8 (35. Rxd8+ Rxd8 36. Nf7#) 1-0

[Event "1er Open International d'Aix-les-Bains"]
[Site "Aix-les-Bains (73)"]
[Date "2014.08.10"]
[Round "4.8"]
[White "Bezy, Cedric"]
[Black "Barnier, Alain"]
[Result "0-1"]
[WhiteElo "1728"]
[BlackElo "2070"]
[PlyCount "55"]
[EventDate "2014.??.??"]

1. d4 Nf6 2. g3 g6 3. Bg2 Bg7 4. Nf3 O-O 5. O-O d6 6. c3 Nbd7 7. Re1 e5 8. dxe5
dxe5 9. Bg5 h6 10. Bd2 e4 {Le joueur d'Aix (en Provence!) prend déjà
l'initiative avec ce coup.} 11. Nd4 c5 12. Nb3 Qb6 (12... Qe7) 13. Na3 $11 Qe6
14. Be3 b6 15. f4 $6 {Lache inutilement des cases.} Bb7 16. Nc2 Rad8 17. Qc1
Kh7 18. Nd2 Rfe8 19. Nf1 Nd5 20. Kh1 f5 21. Rd1 Ba6 22. Qd2 N7f6 23. Qe1 Rd7
24. Bg1 Red8 25. Nfe3 Nxe3 26. Nxe3 Rxd1 27. Rxd1 Rxd1 28. Qxd1 {Les blancs,
avec un pion de moins et aucun espoir de contre-attaque, préfèrent
abandonner.} (28. Qxd1 Qxa2) 0-1

[Event "1er Open International d'Aix-les-Bains"]
[Site "Aix-les-Bains (73)"]
[Date "2014.08.10"]
[Round "4.9"]
[White "Py, Walter"]
[Black "Vernet, Solene"]
[Result "1-0"]
[WhiteElo "2063"]
[BlackElo "1781"]
[PlyCount "27"]
[EventDate "2014.??.??"]

{La partie miniature du jour.} 1. e4 e5 2. f4 {Walter a choisi de tester les
connaissances théoriques de Solène!} exf4 3. Nf3 g5 {[#] ...Et Solène n'a
jamais eu froid aux yeux. Nous voici donc dans une partie d'échecs romantique.
} 4. h4 g4 5. Ng5 Nh6 ({Pertinent:} 5... Nf6 6. Nc3 h6 7. Nxf7 Kxf7 8. d4 d5 9.
Bxf4 Bb4 10. Bd3 Bxc3+ 11. bxc3 dxe4 12. Bc4+ Kg7 13. O-O Qe7 14. Be5 Rf8 15.
Qe2 Nc6 16. Bxf6+ Rxf6 17. Rxf6 Qxf6 18. Qxe4 Bf5 $19 {0-1 (35)}) 6. d4 d5 7.
Bxf4 $146 (7. exd5 Qxd5 8. Bxf4 f6 9. Qe2+ Kd8 10. Nc3 Qxd4 11. Rd1 {1-0 (11)
Cousins,E (1879)-Patterson,S (1340) IECC email 1999}) 7... dxe4 8. Nxe4 Bf5 $2
{Il fallait roquer au plus vite pour survivre !} (8... Bg7) 9. Nbc3 Bxe4 10.
Nxe4 Bg7 11. Bg5 $18 (11. Bb5+ c6 12. Nd6+ $18) 11... Qd5 12. Qe2 $1 Qe6 $4 {
Panique à bord !} (12... Kf8 13. Nf6 Qe6) 13. d5 $1 Qe5 14. Bxh6 (14. Bf6 $1 {
était encore plus efficace.}) 1-0

[Event "1er Open International d'Aix-les-Bains"]
[Site "Aix-les-Bains (73)"]
[Date "2014.08.10"]
[Round "4.10"]
[White "Soyer, Jean-Yves"]
[Black "Clair, Michael"]
[Result "1-0"]
[WhiteElo "2044"]
[BlackElo "1841"]
[PlyCount "90"]
[EventDate "2014.??.??"]

1. Nf3 d6 2. d4 e5 3. e4 Nf6 4. Nc3 Nbd7 5. Bc4 Be7 6. O-O O-O 7. a4 c6 8. Ba2
b6 9. Qe2 a5 10. Rd1 Ba6 11. Bc4 Bxc4 12. Qxc4 Qc8 13. Bg5 h6 14. Bxf6 Bxf6 15.
d5 $1 {Les blancs sont parvenus à percer la carapace noire, et la structure
de pions qui en découle est définitivement meilleure pour eux.} cxd5 16. Qxd5
Nc5 17. Qd2 Qg4 18. Qe2 Ne6 19. Nd5 Bd8 20. Nd4 Qxe2 21. Nxe2 Rc8 22. c3 g6 23.
f3 Kg7 24. Nc1 f6 25. Nd3 Rf7 (25... f5 {Avec un contre-jeu certainement
suffisant à l'aile-roi.}) 26. Ra3 Rb7 27. Ne3 Bc7 28. Rb3 Kf7 29. Nd5 Bd8 (
29... f5) 30. Rb5 Nc5 $2 31. Nxc5 Rxc5 {Bon cavalier contre mauvais fou !} 32.
b3 Rxb5 33. axb5 Ke6 34. Ra1 f5 35. Kf1 fxe4 36. fxe4 h5 37. Ra4 g5 38. Rc4 g4
39. Rc8 Kd7 40. Rc6 Ke6 41. Ne3 Rf7+ 42. Nf5 Rd7 43. Ke2 Bc7 44. Ne3 Bd8 45.
Nc4 Rb7 1-0

[Event "1er Open International d'Aix-les-Bains"]
[Site "Aix-les-Bains (73)"]
[Date "2014.08.10"]
[Round "4.14"]
[White "Navrotescu, Vlad-Andrei"]
[Black "Bandet, Raphael"]
[Result "0-1"]
[WhiteElo "1671"]
[BlackElo "1915"]
[PlyCount "58"]
[EventDate "2014.??.??"]

1. d4 d5 2. c4 e6 3. Nc3 c5 4. cxd5 exd5 5. Nf3 Nc6 6. dxc5 d4 7. Ne4 Bf5 8.
Ng3 Bg6 9. e3 Bxc5 10. exd4 Bxd4 11. Nxd4 Nxd4 12. Qa4+ Qd7 13. Qxd7+ Kxd7 14.
Kd1 Nc2 15. Bb5+ Kc7 16. Bf4+ Kb6 17. Rc1 Rd8+ 18. Bd3 Bxd3 19. Rxc2 Bxc2+ 20.
Kxc2 a5 21. Re1 Nf6 22. Re7 Rd7 23. Re3 Rc8+ 24. Kb3 Nd5 25. Rd3 Ka6 26. Ne4
a4+ 27. Ka3 Rc4 28. Nc3 Nxc3 29. Rxc3 Rxf4 0-1

[Event "1er Open International d'Aix-les-Bains"]
[Site "Aix-les-Bains (73)"]
[Date "2014.08.10"]
[Round "4.17"]
[White "David, Pierre-Yves"]
[Black "Budin, Florent"]
[Result "0-1"]
[WhiteElo "1788"]
[BlackElo "1903"]
[PlyCount "38"]
[EventDate "2014.??.??"]

1. e4 e6 2. d4 c5 3. d5 exd5 4. exd5 d6 5. Nf3 Be7 6. c4 Nf6 7. Nc3 O-O 8. Bd3
Bg4 9. O-O Nbd7 10. b3 Re8 11. Bb2 Bf8 12. Be2 {[#]} Rxe2 $5 {Un essai
pratique très courageux, surtout lorsque l'on a des points élo à perdre.}
13. Nxe2 Bxf3 14. gxf3 Nh5 15. Ng3 Nf4 16. Qd2 Qh4 17. Rae1 g6 18. Qc3 $2 (18.
Re4 Bh6 19. Qe3 $3 {Un coup d'ordinateur, pour sûr !} Ne5 20. Kh1 f6 21. Rg1 {
Et l'attaque noire est au point mort. Les blancs vont poursuivre par Fc1 et
des échanges.}) 18... Ne5 19. Rxe5 Qh3 0-1

[Event "1er Open International d'Aix-les-Bains"]
[Site "Aix-les-Bains (73)"]
[Date "2014.08.10"]
[Round "4.27"]
[White "Frion, Sandrine"]
[Black "Collet, Louise"]
[Result "1-0"]
[WhiteElo "1385"]
[BlackElo "1009"]
[PlyCount "51"]
[EventDate "2014.??.??"]

1. e4 e5 2. f4 exf4 3. Nf3 Nf6 4. Nc3 Bc5 $2 (4... d5 $1) 5. d4 Be7 6. Bxf4 d6
7. Be2 O-O 8. O-O Nc6 {Tant bien que mal, les noirs se sont sortis de
l'ouverture. Louise a fait mieux que Solène, quelques échiquiers plus haut.}
9. Be3 Ng4 10. Bf4 Bf6 {... A la recherche d'un plan.} 11. e5 $2 {Les blancs
itou !} (11. h3 $1 $16 Nh6 12. Nd5) 11... Be7 (11... dxe5 12. dxe5 Ngxe5) 12.
Nd5 Bh4 $2 (12... dxe5 $11) 13. Nxc7 (13. Nxh4 $1 Qxh4 14. Nxc7 Rb8 15. exd6
$18) 13... Rb8 (13... Qxc7 14. Nxh4 dxe5 {Et la position noire tient.}) 14.
exd6 {Les carottes sont cuites pour les noirs.} Qf6 15. Nxh4 Qxh4 16. Bxg4 Bxg4
17. Qd2 Nd8 18. Bg3 Qh5 19. d5 f6 20. Rae1 Nf7 21. Ne6 Rfc8 22. d7 Rc4 23. Bxb8
Ra4 24. a3 Qg6 25. Nf4 Qg5 26. Re8# 1-0

[Event "1er Open International d'Aix-les-Bains"]
[Site "Aix-les-Bains (73)"]
[Date "2014.08.10"]
[Round "4.28"]
[White "Boukhenfra, Alya"]
[Black "Desfonds, Sylvie"]
[Result "0-1"]
[WhiteElo "1199"]
[BlackElo "1687"]
[PlyCount "48"]
[EventDate "2014.??.??"]

1. b3 d5 2. Bb2 Nf6 3. g3 g6 4. Bg2 Bg7 5. a3 O-O 6. h3 c5 7. d3 Nc6 8. e3 e5
9. Ne2 Be6 10. Nd2 Qd7 11. O-O Bxh3 12. Bxh3 Qxh3 13. Nf3 h6 14. e4 dxe4 15.
dxe4 Rad8 16. Qe1 Nxe4 17. Rd1 Rxd1 18. Qxd1 Rd8 19. Qe1 Nf6 20. b4 g5 21. Bxe5
Nxe5 22. Nh2 Nfg4 23. Nxg4 Nxg4 24. f3 Qh2# 0-1